[Event "TCh-SUI 2013"]
[Site "Switzerland SUI"]
[Date "2013.06.22"]
[Round "4.5"]
[White "Umbach,A"]
[Black "Gaehwiler,G"]
[Result "0-1"]
[WhiteElo "2260"]
[BlackElo "2267"]

1.e4 c5 2.Nf3 d6 3.d4 cxd4 4.Nxd4 Nf6 5.Nc3 Nc6 6.Bg5 Bd7 7.Be2 a6 8.Bxf6 gxf6
9.O-O e6 10.Kh1 Qb6 11.Nb3 O-O-O 12.Qd2 h5 13.Rad1 Be8 14.Qf4 Be7 15.Rd3 Ne5
16.Rh3 h4 17.Qd2 Rg8 18.f4 Ng4 19.Bxg4 Rxg4 20.Qe2 Rg8 21.f5 Bc6 22.Rxh4 Rg7
23.Rg4 Rh7 24.Qf2 Qc7 25.Qg3 Qb6 26.Rg8 d5 27.exd5 exd5 28.Rd1 Bd6 29.Qxd6 Rxg8
30.Nxd5 Bxd5 31.Rxd5 Qxd6 32.Rxd6 Kc7 33.Rd2 Re8 34.h3 Re1+ 35.Kh2 Rh4 36.Nd4 Rb1
37.c3 Re4 38.Nf3  0-1

[Event "TCh-SUI 2013"]
[Site "Switzerland SUI"]
[Date "2013.06.23"]
[Round "5.4"]
[White "Georgiadis,I"]
[Black "Miralles,G"]
[Result "1-0"]
[WhiteElo "2449"]
[BlackElo "2472"]

1.e4 c5 2.Nf3 Nc6 3.d4 cxd4 4.Nxd4 Nf6 5.Nc3 d6 6.Bg5 Qb6 7.Be3 Qa5 8.f3 e6
9.Qd2 Be7 10.O-O-O Nxd4 11.Bxd4 O-O 12.Kb1 b6 13.g4 e5 14.Be3 Be6 15.g5 Nd7
16.Nd5 Bxd5 17.Qxa5 bxa5 18.Rxd5 a4 19.Ra5 Nb6 20.Ba6 Bd8 21.Bb7 Rb8 22.Rxa7 Nc4
23.Bc1 Re8 24.Rxa4 Nxb2 25.Kxb2 Rxb7+ 26.Kc3 f6 27.gxf6 Bxf6 28.Kd3 Rb1 29.Rg1 Rc8
30.Be3 Rb2 31.Rc1 Kf7 32.Bd2 Ke6 33.Ra6 Be7 34.Bc3 Rb7 35.a3 Rf8 36.Rf1 Rf4
37.Bb4 Rh4 38.Rf2 Rh3 39.Ke2 g5 40.Kf1 h5 41.Kg2 g4 42.c4 Rxf3 43.Rxf3 gxf3+
44.Kxf3 Kd7 45.Ke2 Rb8 46.Kd3 h4 47.Bc3 Rf8 48.c5 Rf3+ 49.Kc4 dxc5 50.Bxe5 Re3
51.a4 Rxe4+ 52.Kd5 Rg4 53.Ra7+ Ke8 54.a5 Kf7 55.Rd7 Ke8 56.Rb7 Rg6 57.Rb6 Rg2
58.a6 Ra2 59.Kc4 Kd7 60.Kb3 Ra5 61.Bc3 c4+ 62.Kxc4 Rc5+ 63.Kd3 Rc8 64.Rb7+ Ke6
65.Bd4 h3 66.a7 Bd6 67.Rh7 Be5 68.Rh6+  1-0

[Event "7th Varna Open 2013"]
[Site "Varna BUL"]
[Date "2013.06.24"]
[Round "6.16"]
[White "Petrov,Martin"]
[Black "Georgiev,B"]
[Result "1/2-1/2"]
[WhiteElo "1990"]
[BlackElo "2271"]

1.e4 c5 2.Nf3 Nc6 3.d4 cxd4 4.Nxd4 Nf6 5.Nc3 d6 6.Bg5 e6 7.Qd2 a6 8.O-O-O Qb6
9.Bc4 Qc5 10.Nxc6 Qxc4 11.Nd4 Be7 12.f4 Qc7 13.Rhe1  1/2-1/2

[Event "13th IPCA World Championship"]
[Site "Velke Losiny CZE"]
[Date "2013.06.24"]
[Round "8.2"]
[White "Bernardi,R"]
[Black "Obodchuk,A"]
[Result "0-1"]
[WhiteElo "2079"]
[BlackElo "2410"]

1.e4 c5 2.Nf3 Nc6 3.d4 cxd4 4.Nxd4 Nf6 5.Nc3 d6 6.Bg5 e6 7.Qd2 a6 8.O-O-O h6
9.Bxf6 Qxf6 10.Kb1 Bd7 11.h4 Qxd4 12.Qxd4 Nxd4 13.Rxd4 Be7 14.Be2 Bc6 15.Rd3 Rd8
16.Bf3 Bf6 17.Ne2 Ke7 18.Nd4 Bd7 19.g3 g5 20.h5 Rhg8 21.g4 Be5 22.Re1 Rc8
23.Bg2 Rc5 24.Ne2 Rgc8 25.Rd2 Ba4 26.c3 Be8 27.Red1 b5 28.Nc1 Bf4 29.Rc2 Bxc1
30.Rdxc1 Re5 31.Rd2 Bc6 32.Rd4 f5 33.gxf5 exf5 34.Rcd1 Rd8 35.f3 fxe4 36.fxe4 Re6
37.c4 g4 38.cxb5 axb5 39.Rc1 Be8 40.Rc7+ Rd7 41.Rc8 Re5 42.Rd5 Rxd5 43.exd5 Bxh5
44.Bf1 Bg6+ 45.Kc1 Rb7 46.Kd2 Kf6 47.Ke3 Ke5 48.Rh8 h5 49.Rh6 Bf7 50.Rh7 b4
51.Bg2 Re7 52.Be4 Kf6 53.Rh6+ Kg5 54.Rxd6 h4 55.Kd4 h3 56.Rd8 g3 57.d6 g2
58.dxe7 g1=Q+ 59.Kd3 Qg3+ 60.Kd4 Qc7  0-1

[Event "7th Varna Open 2013"]
[Site "Varna BUL"]
[Date "2013.06.26"]
[Round "8.10"]
[White "Vedmediuc,S"]
[Black "Gagarin,V"]
[Result "1/2-1/2"]
[WhiteElo "2460"]
[BlackElo "2329"]

1.e4 c5 2.Nf3 d6 3.d4 cxd4 4.Nxd4 Nf6 5.Nc3 Nc6 6.Bg5 Qb6 7.Nb3 e6 8.Qf3 Be7
9.O-O-O a6 10.Qg3 Bd7 11.f4 h6 12.Bxf6 gxf6 13.f5 O-O-O 14.Qh3 Qf2 15.Bc4 Qf4+
16.Kb1 Qe5 17.Rhe1 Rdg8 18.Nc1 Nd8 19.Nd3 Qd4 20.Bb3 Kb8 21.Nf4 Qe5 22.g3 Rg5
23.Ncd5 Re8 24.Nd3 Qd4 25.c3 Qa7 26.Nxe7 Rxe7 27.Qxh6 Rg8 28.Qxf6 Rge8 29.Nf4 Qc5
30.Nh5 Nc6 31.Ng7 Rc8 32.fxe6 fxe6 33.Nxe6 Bxe6 34.Bxe6 Rd8 35.Bd5 Ree8 36.h4 Ne5
37.Qh6 Rf8 38.Qe3 Qb5 39.Qe2 Qc5 40.Qe3 Qb5 41.Bb3 Rf3 42.Qg5 Rd7 43.h5 Rf2
44.Rd5 Qb6 45.h6 Rh2 46.Rd2 Nf3 47.Qg8+ Rd8 48.Rxh2 Rxg8 49.Bxg8 Nxh2 50.h7 Qf2
51.Rh1 Qg2 52.h8=Q Qxe4+ 53.Kc1 Qe3+ 54.Kc2 Qe2+ 55.Kb3 Qb5+ 56.Ka3 Qa5+
57.Kb3 Qb5+ 58.Kc2 Qe2+ 59.Kb1 Qe4+ 60.Kc1 Qe3+ 61.Kd1 Qd3+ 62.Kc1  1/2-1/2

[Event "8th Vladimir Dvorkovich Cup"]
[Site "Moscow RUS"]
[Date "2013.06.27"]
[Round "3.2"]
[White "Golubov,Saveliy"]
[Black "Dai,Changren"]
[Result "0-1"]
[WhiteElo "2251"]
[BlackElo "2174"]

1.e4 c5 2.Nf3 d6 3.d4 cxd4 4.Nxd4 Nf6 5.Nc3 Nc6 6.Bg5 e6 7.Qd2 a6 8.O-O-O Bd7
9.f3 b5 10.Nxc6 Bxc6 11.Ne2 Bb7 12.Nd4 Be7 13.Be3 h5 14.Kb1 Rc8 15.Be2 Nd7
16.Rhg1 Ne5 17.Qe1 Qc7 18.Bc1 Nc4 19.b3 Nb6 20.Bb2 d5 21.e5 Nd7 22.f4 g6
23.Rd3 Nc5 24.Rh3 Kd7 25.Re3 Ne4 26.Qd1 Ke8 27.a3 b4 28.a4 Qb6 29.Bf3 Nc3+
30.Bxc3 bxc3 31.Rd3 Bb4 32.Ka2 a5 33.Be2 Bc5 34.Rf1 Ba6 35.Rdf3 Qb4 36.Qc1 Bb7
37.Nb5 d4 38.Rg3 h4 39.Rg4 Bd5 40.Qa3 Qxa3+ 41.Nxa3 Be4 42.Rd1 Bxa3 43.Kxa3 Bxc2
44.Rxd4 Bf5 45.Rc4 Rxc4 46.bxc4 c2 47.Kb2 Ke7 48.c5 Rb8+ 49.Bb5 Rd8  0-1

[Event "22nd Anderssen Mem Eliminacje"]
[Site "Wroclaw POL"]
[Date "2013.06.29"]
[Round "5"]
[White "Zawadzka,J"]
[Black "Wieczorek,O"]
[Result "1/2-1/2"]
[WhiteElo "2391"]
[BlackElo "2353"]

1.e4 c5 2.Nf3 d6 3.d4 cxd4 4.Nxd4 Nf6 5.Nc3 Nc6 6.Bg5 Bd7 7.Be2 a6 8.a4 e6
9.O-O Be7 10.Nb3 Na5 11.Bxf6 gxf6 12.Nxa5 Qxa5 13.Kh1 h5 14.f4 h4 15.h3 Rc8
16.Ra3 d5 17.Rb3 dxe4 18.Nxe4 Bc6 19.Bf3 Rd8 20.Qe2 Qxa4 21.Nc3 Qa5 22.Bxc6+ bxc6
23.Rb7 Rg8 24.f5 Qe5 25.Qxe5 fxe5 26.fxe6 fxe6 27.Ne4 Rf8 28.Re1 Rf4 29.c3 a5
30.Kh2 a4 31.Ra7 Rb8 32.Rxa4 Rxb2 33.Ra8+ Kf7 34.Ra6 Kg6 35.Ra7 Bd8 36.Rd7 Bb6
37.Re7 Kf5 38.Rf7+ Kg6 39.Re7 Kf5 40.Rf7+ Kg6 41.Re7 Kf5  1/2-1/2

[Event "22nd Anderssen Mem Eliminacje"]
[Site "Wroclaw POL"]
[Date "2013.06.29"]
[Round "5"]
[White "Szczepkowska Horowska,K"]
[Black "Oszczanowski,W"]
[Result "1-0"]
[WhiteElo "2375"]
[BlackElo "1936"]

1.e4 c5 2.Nf3 Nc6 3.d4 cxd4 4.Nxd4 Nf6 5.Nc3 d6 6.Bg5 Bd7 7.Bxf6 gxf6 8.Be2 Nxd4
9.Qxd4 Qa5 10.O-O Rg8 11.Kh1 Bg7 12.Qd3 a6 13.Nd5 Rc8 14.Rad1 Qc5 15.c4 e6
16.b4 Qc6 17.Ne3 Ke7 18.Bf3 Qc7 19.Rfe1 Ba4 20.Rd2 Rgd8 21.Qa3 Bc6 22.Nd5+ Bxd5
23.exd5 Qxc4 24.dxe6 fxe6 25.Qe3 e5 26.Bxb7 Rc7 27.Bd5 Qxb4 28.Qh3 Re8 29.Rdd1 Kd8
30.Rb1 Qc5 31.Red1 Bf8 32.Qf5 Be7 33.Be6 Qa7 34.Rdc1 Rf8 35.h3 d5 36.Bxd5 Bc5
37.Qe6 Re8 38.Qxf6+ Ree7 39.Be4 Ke8 40.Bc6+ Rcd7 41.Bxd7+ Kxd7 42.Qf5+ Kd8
43.Rxc5 Rf7 44.Qc8+ Ke7 45.Rc7+  1-0

[Event "22nd Anderssen Mem Eliminacje"]
[Site "Wroclaw POL"]
[Date "2013.06.29"]
[Round "9"]
[White "Ulanowski,K"]
[Black "Oszczanowski,W"]
[Result "1-0"]
[WhiteElo "2083"]
[BlackElo "1936"]

1.e4 c5 2.Nf3 Nc6 3.d4 cxd4 4.Nxd4 Nf6 5.Nc3 d6 6.Bg5 Bd7 7.Qd2 Rc8 8.O-O-O Nxd4
9.Qxd4 Qa5 10.Bxf6 gxf6 11.Kb1 Bg7 12.Nd5 Qc5 13.Qd2 f5 14.Bd3 Be6 15.Qg5 Bf8
16.Rhe1 h6 17.Qh5 Bg7 18.Qh4 Bxd5 19.exd5 Rc7 20.Qa4+ Kd8 21.Bxf5 Qxf2 22.g4 Qb6
23.Qb3 Qf2 24.Re3 Qxh2 25.Qa3 a6 26.Rde1 Bf6 27.Qa5 Qf2 28.Qb6 e6 29.Qxd6+ Rd7
30.Qb6+ Ke7 31.Rxe6+ fxe6 32.Rxe6+ Kf7 33.Rxf6+ Kg7 34.Rg6+ Kf7 35.Qxf2 Rxd5
36.Be4+  1-0

[Event "22nd Anderssen Mem Eliminacje"]
[Site "Wroclaw POL"]
[Date "2013.06.29"]
[Round "9"]
[White "Jaracz,B"]
[Black "Piotrowski,P"]
[Result "0-1"]
[WhiteElo "2270"]
[BlackElo "2030"]

1.e4 c5 2.Nf3 d6 3.d4 cxd4 4.Nxd4 Nf6 5.Nc3 Nc6 6.Bg5 e6 7.Qd2 a6 8.f3 Bd7
9.O-O-O b5 10.Nxc6 Bxc6 11.Ne2 Rc8 12.Nd4 Bb7 13.Kb1 Be7 14.h4 h6 15.Be3 h5
16.Bd3 Nd7 17.Bg5 Ne5 18.Bxe7 Qxe7 19.f4 Nc4 20.Qf2 Qf6 21.c3 d5 22.Bxc4 dxc4
23.Qe3 O-O 24.Ka1 e5 25.Nf5 Rfd8 26.g3 Rxd1+ 27.Rxd1 Rd8 28.Re1 Rd3 29.Qe2 g6
30.Nh6+ Kg7 31.g4 Qxf4 32.g5 Rd2 33.Qf1 Rf2 34.Qg1 Qd2  0-1

[Event "2nd Arberopen 2013"]
[Site "Bayerisch Eisenstein GER"]
[Date "2013.06.30"]
[Round "2.9"]
[White "Santl,A"]
[Black "Furman,Bo"]
[Result "1/2-1/2"]
[WhiteElo "2069"]
[BlackElo "2198"]

1.e4 c5 2.Nf3 Nc6 3.d4 cxd4 4.Nxd4 Nf6 5.Nc3 d6 6.Bg5 e6 7.Qd2 Be7 8.O-O-O O-O
9.f4 d5 10.e5 Nd7 11.Bxe7 Qxe7 12.Nf3 Nb6 13.Qf2 Bd7 14.Bd3 h6 15.g4 f6 16.Rde1 fxe5
17.fxe5 Qg5+ 18.Nxg5 Rxf2 19.Nh3 Rf3 20.Bf1 Nc4 21.Bg2 Re3 22.Nxd5 Rxe5 23.Nc3 Ne3
24.Bxc6 Bxc6 25.Rhg1 Nxg4 26.Rxe5 Nxe5 27.Re1 Nf3 28.Rxe6 Nxh2 29.Nf4 Rf8
30.Nd3 Rf1+ 31.Kd2 Nf3+ 32.Ke3 h5 33.b4 Kf7 34.Rd6 h4 35.b5 Be8 36.Ke2 Nh2
37.Rd5 Rf6 38.Ne4 Re6 39.Ne5+ Kf8 40.Kd3 Re7 41.Ng5 Nf1 42.c4 b6 43.Kd4 Ng3
44.Rd8 Nf5+ 45.Kd5 Ne3+ 46.Kd6 Nf5+ 47.Kd5 Ne3+  1/2-1/2

[Event "IsBank TCh-TUR 2013"]
[Site "Denizli TUR"]
[Date "2013.06.30"]
[Round "2.2"]
[White "Baklan,V"]
[Black "Sanikidze,T"]
[Result "1-0"]
[WhiteElo "2613"]
[BlackElo "2553"]

1.e4 c5 2.Nf3 d6 3.d4 cxd4 4.Nxd4 Nf6 5.Nc3 Nc6 6.Bg5 e6 7.Qd2 a6 8.O-O-O Bd7
9.f4 h6 10.Bh4 g5 11.fxg5 Ng4 12.Be2 Nge5 13.Nxc6 Bxc6 14.g3 Ng6 15.Kb1 Qa5
16.Rhf1 hxg5 17.Bxg5 Rxh2 18.Bf6 Qc7 19.Qe3 Be7 20.Bd4 Qa5 21.Rh1 Rxh1 22.Rxh1 Qg5
23.Qf2 Ne5 24.a3 Qf6 25.Qf4 Qxf4 26.gxf4 Ng6 27.Rf1 Nxf4 28.Rxf4 e5 29.Rf1 exd4
30.Nd5 Bxd5 31.exd5 f6 32.Bg4 Kd8 33.Rh1 Rb8 34.Rh8+ Kc7 35.Rh7 Kd8 36.b4 b5
37.Bf5 Ke8 38.Kb2 Ra8 39.a4 bxa4 40.Ka3 Rb8 41.Kxa4 Rb5 42.Rh8+ Bf8 43.Bd3 Rb8
44.Rh7 Be7 45.Rh4 Ra8 46.Rh8+ Bf8 47.Bg6+ Kd7 48.Ka5 Ke7 49.Rh7+ Kd8 50.Bd3 f5
51.Bxf5 Rb8 52.Bd3 Be7 53.Bxa6 Bg5 54.Bb7 d3 55.cxd3  1-0

[Event "12th ROC Nova Open"]
[Site "Haarlem NED"]
[Date "2013.06.30"]
[Round "5.1"]
[White "Van den Doel,E"]
[Black "Bitalzadeh,A"]
[Result "1-0"]
[WhiteElo "2582"]
[BlackElo "2423"]

1.e4 c5 2.Nf3 Nc6 3.d4 cxd4 4.Nxd4 Nf6 5.Nc3 d6 6.Bg5 g6 7.Nb3 Bg7 8.Be2 O-O
9.O-O a6 10.Re1 Be6 11.Bf1 Rc8 12.Nd5 Bxd5 13.exd5 Ne5 14.c3 Re8 15.a4 Qd7
16.a5 Qf5 17.Bxf6 Bxf6 18.Ra4 g5 19.Rb4 Rc7 20.Nd2 h5 21.Qxh5 Kg7 22.Ne4 Rh8
23.Ng3 Qc8 24.Qd1 Rc5 25.Qb3 Rxa5 26.Rxb7 Ra4 27.Qxa4 Qxb7 28.Nf5+ Kf8 29.Qxa6 Qxa6
30.Bxa6 Nd7 31.Ra1 e6 32.dxe6 fxe6 33.Nxd6 Be5 34.Ne4 Bxh2+ 35.Kf1 Be5 36.Ke2 Ke7
37.Bb5 Rb8 38.c4 Rb7 39.Ra2 g4 40.b4 Nf6 41.Nc5 Rc7 42.Ra8 Bd4 43.Na6 Rb7
44.Bc6 Ra7 45.Rxa7+ Bxa7 46.c5 Nh5 47.g3 Ng7 48.Be4 e5 49.b5  1-0

[Event "4th Kiryat Ono Open A"]
[Site "Kiryat Ono ISR"]
[Date "2013.06.30"]
[Round "1.2"]
[White "Shimonovich,Y"]
[Black "Greenfeld,A"]
[Result "0-1"]
[WhiteElo "2156"]
[BlackElo "2561"]

1.e4 c5 2.Nf3 d6 3.Nc3 Nc6 4.d4 cxd4 5.Nxd4 Nf6 6.Bg5 e6 7.Qd2 Be7 8.O-O-O O-O
9.Nb3 Qb6 10.f3 a6 11.g4 Qc7 12.Be3 b5 13.g5 Nd7 14.h4 Nce5 15.Qf2 b4 16.Ne2 a5
17.Nbd4 a4 18.Kb1 Ba6 19.Nf4 Bxf1 20.Qxf1 Rfc8 21.Rh2 Nc4 22.Bc1 b3 23.a3 d5
24.exd5 Bxa3 25.cxb3 axb3 26.dxe6 Bxb2 27.Bxb2 Ra1+ 28.Bxa1 Na3+  0-1

[Event "Klatov Open A 2013"]
[Site "Klatovy CZE"]
[Date "2013.06.30"]
[Round "2.4"]
[White "Lacina,A"]
[Black "Hausner,I"]
[Result "0-1"]
[WhiteElo "2214"]
[BlackElo "2387"]

1.e4 c5 2.Nf3 d6 3.d4 cxd4 4.Nxd4 Nf6 5.Nc3 Nc6 6.Bg5 e6 7.Qd2 a6 8.O-O-O Bd7
9.f4 Be7 10.Nf3 b5 11.e5 b4 12.Ne2 dxe5 13.Nxe5 Nxe5 14.fxe5 Nd5 15.Bxe7 Qxe7
16.Nd4 O-O 17.Bc4 Qc5 18.Bxd5 Qxd5 19.Nf5 Qxa2 20.Nh6+ Kh8 21.Qxd7 gxh6 22.Qe7 Qa1+
23.Kd2 Qxb2 24.Qf6+ Kg8 25.Rhf1 Rad8+ 26.Ke3 Rxd1 27.Rxd1 Qxc2 28.Rd3 Qxg2
29.Qxh6 Qg6 30.Qh4 h6 31.Qxb4 Qg1+ 32.Kf4 Qg5+ 33.Kf3 Qf5+ 34.Kg3 Qxd3+  0-1

[Event "IsBank TCh-TUR 2013"]
[Site "Denizli TUR"]
[Date "2013.07.01"]
[Round "3.7"]
[White "Sumer,G"]
[Black "Soysal,Serkan"]
[Result "0-1"]
[WhiteElo "1935"]
[BlackElo "2056"]

1.e4 c5 2.Nf3 Nc6 3.d4 cxd4 4.Nxd4 Nf6 5.Nc3 d6 6.Bg5 e6 7.Qd2 a6 8.Be2 Bd7
9.a4 Be7 10.O-O Rc8 11.Nxc6 Bxc6 12.Bd3 h6 13.Bf4 d5 14.exd5 Nxd5 15.Be5 Bb4
16.Qe2 Nxc3 17.bxc3 Bd6 18.c4 Bxe5 19.Qxe5 Qg5 20.Qxg5 hxg5 21.f3 Rh4 22.a5 Ke7
23.Rfe1 Kf6 24.Rab1 g4 25.fxg4 Rxg4 26.g3 Rg5 27.Ra1 Re5 28.Rf1+ Ke7 29.Rf4 g5
30.Rf2 f5 31.Bf1 Be4 32.Rd2 Rcc5 33.Rad1 Bc6 34.Bg2 Rxc4 35.Bxc6 bxc6 36.Rd7+ Kf6  0-1

[Event "IsBank TCh-TUR 2013"]
[Site "Denizli TUR"]
[Date "2013.07.01"]
[Round "3.5"]
[White "Annaberdiyev,B"]
[Black "Atakisi,U"]
[Result "1-0"]
[WhiteElo "2277"]
[BlackElo "2351"]

1.e4 c5 2.Nf3 d6 3.d4 cxd4 4.Nxd4 Nf6 5.Nc3 Nc6 6.Bg5 Bd7 7.Qd2 Rc8 8.O-O-O Nxd4
9.Qxd4 Qa5 10.Bxf6 gxf6 11.Kb1 Qc5 12.Qd2 Bg7 13.f4 f5 14.e5 O-O 15.h4 Be6
16.h5 dxe5 17.h6 Bf6 18.Na4 Qc6 19.fxe5 Bxa2+ 20.Kxa2 Qxa4+ 21.Kb1 Bxe5 22.Qg5+ Kh8
23.Qxf5 Qf4 24.Bd3 Qxf5 25.Bxf5 Rcd8 26.c3 Bf4 27.Kc2 e6 28.Be4 b6 29.Rxd8 Rxd8
30.Rf1 f5 31.Rxf4 fxe4 32.Rxe4 Rg8 33.Rxe6 Rxg2+ 34.Kb3 Kg8 35.Re8+ Kf7 36.Rh8 Rh2
37.Rxh7+ Kg6 38.Rxa7 Rxh6 39.Rd7 Kf5 40.Kb4 Ke6 41.Rd2 Rh5 42.Rd8 Ke7 43.Rb8 Rh2
44.b3 Rh6 45.Kb5 Rh3 46.Rc8 Kd7 47.Rc4 Rh6 48.b4 Rg6 49.Ka6 Rh6 50.Kb7 Rg6
51.Rc7+ Kd8 52.Rc6  1-0

[Event "4th AIMAG Men"]
[Site "Incheon KOR"]
[Date "2013.07.01"]
[Round "2.7"]
[White "Minhazuddin,A"]
[Black "Jumabayev,R"]
[Result "0-1"]
[WhiteElo "2411"]
[BlackElo "2548"]

1.e4 c5 2.Nf3 Nc6 3.d4 cxd4 4.Nxd4 Nf6 5.Nc3 d6 6.Bg5 e6 7.Qd2 Qb6 8.O-O-O a6
9.f4 Qxd4 10.Qxd4 Nxd4 11.Rxd4 Nd7 12.Be2 h6 13.Bh4 g5 14.fxg5 Be7 15.Bg3 hxg5
16.Bxd6 Bxd6 17.Rxd6 Ke7 18.Rd4 Rb8 19.h3 Ne5 20.Nd1 Bd7 21.Nf2 Rbc8 22.Rhd1 Rc7
23.Kb1 Rh4 24.Ng4 Ng6 25.Bf3 Bc6 26.Rd8 Rh8 27.Rxh8 Nxh8 28.Ne5 Bb5 29.Bh5 Kf6
30.Ng4+ Kg7 31.Rd2 Ng6 32.Bxg6 Kxg6 33.b3 f6 34.Rd6 Rc6 35.Rd8 Rc7 36.Rg8+ Rg7
37.Rd8 Bc6 38.Rh8 Rf7 39.e5 f5 40.Nf6 Bxg2 41.Kc1 f4 42.h4 gxh4 43.Rxh4 f3
44.Rh2 Kf5  0-1

[Event "TCh-MNE Prem 2013"]
[Site "Cetinje MNE"]
[Date "2013.07.02"]
[Round "9.3"]
[White "Krivokapic,M"]
[Black "Draskovic,L"]
[Result "0-1"]
[WhiteElo "2436"]
[BlackElo "2293"]

1.e4 c5 2.Nf3 Nc6 3.d4 cxd4 4.Nxd4 Nf6 5.Nc3 d6 6.Bg5 e6 7.Qd2 Be7 8.O-O-O Nxd4
9.Qxd4 O-O 10.f4 Qa5 11.e5 dxe5 12.Qxe5 Qxe5 13.fxe5 Nd5 14.Bxe7 Nxe7 15.Bd3 Nc6
16.Rhe1 Rd8 17.Nb5 Kf8 18.a3 a6 19.Nc3 Ke7 20.Na4 Rb8 21.Nb6 Bd7 22.Re3 Be8
23.c3 Na7 24.Rg3 g6 25.Re3 Nc8 26.Nxc8+ Rbxc8 27.Be4 Ba4 28.Rd6 Bc6 29.Bxc6 Rxc6
30.Rxd8 Kxd8 31.Kc2 Rc4 32.Kd3 Rh4 33.h3 Ke7 34.Re4 Rh5 35.a4 Kd7 36.Rf4 Rf5
37.Rxf5 exf5 38.Kd4 Kc6 39.b4 g5 40.c4 h5 41.h4 gxh4 42.a5 Kd7 43.Ke3 Ke6
44.Kf4 f6 45.exf6 Kxf6 46.b5 Ke6 47.c5 axb5 48.c6 Kd6 49.cxb7 Kc7  0-1

[Event "41st TCh-GRE"]
[Site "Rio (Achaia) GRE"]
[Date "2013.07.02"]
[Round "1.3"]
[White "Theodoulidis,T"]
[Black "Vragoteris,A"]
[Result "0-1"]
[WhiteElo "2090"]
[BlackElo "2259"]

1.e4 c5 2.Nf3 d6 3.d4 cxd4 4.Nxd4 Nf6 5.Nc3 Nc6 6.Bg5 g6 7.Bxf6 exf6 8.Bb5 Bd7
9.O-O Bg7 10.Ba4 O-O 11.Ndb5 f5 12.exf5 Bxf5 13.Nxd6 Be6 14.Nxb7 Qb6 15.Nd5 Bxd5
16.Qxd5 Nd4 17.c4 Rab8 18.Nd6 Ne2+ 19.Kh1 Nf4 20.c5 Qa5 21.Qc6 Nd3 22.Bb3 Qxc5
23.Qxc5 Nxc5 24.Rac1 Nxb3 25.axb3 Bxb2 26.Rc7 Be5 27.Rd7 Rxb3 28.Nc4 Bb8
29.g3 Re8 30.Na5 Rc3 31.Rb1 Bc7 32.Rb7 Bxa5 33.Rxf7 Rc1+ 34.Kg2 Bc3 35.Rxa7 Bd4
36.Rad7 Rc2 37.Rf4 Bc5 38.h4  0-1

[Event "Polugaevsky Mem 2013"]
[Site "Samara RUS"]
[Date "2013.07.02"]
[Round "1.8"]
[White "Geller,J"]
[Black "Sazonova,A"]
[Result "1-0"]
[WhiteElo "2549"]
[BlackElo "2112"]

1.e4 c5 2.Nf3 d6 3.d4 cxd4 4.Nxd4 Nf6 5.Nc3 Nc6 6.Bg5 e6 7.Qd2 Be7 8.O-O-O Nxd4
9.Qxd4 O-O 10.f4 Qc7 11.Be2 Rd8 12.e5 dxe5 13.Qxe5 Qb6 14.f5 Bd7 15.Be3 Qc6
16.Bf3 Qa6 17.h3 Rac8 18.Be2 Qc6 19.Bb5 Qc7 20.Qxc7 Rxc7 21.Bxa7 Bxb5 22.Nxb5 Rcd7
23.fxe6 Rxd1+ 24.Rxd1 Rxd1+ 25.Kxd1 fxe6 26.Ke2 Nd5 27.c4 Nf4+ 28.Kf3 e5
29.Bb8 Nd3 30.b3 Kf7 31.Ke4 Nf4 32.Kxe5 Nxg2 33.Nd6+ Bxd6+ 34.Kxd6  1-0

[Event "41st TCh-GRE"]
[Site "Rio (Achaia) GRE"]
[Date "2013.07.03"]
[Round "2.10"]
[White "Andromedas,Georgios"]
[Black "Stefanatos,Gerasimos"]
[Result "1-0"]
[WhiteElo "1487"]
[BlackElo "1502"]

1.e4 c5 2.Nf3 d6 3.d4 cxd4 4.Nxd4 Nf6 5.Nc3 Nc6 6.Bg5 g6 7.Bxf6 exf6 8.Bb5 Bd7
9.Qd2 Bg7 10.Bxc6 bxc6 11.O-O-O O-O 12.h3 Qb6 13.f4 a5 14.g4 Rfb8 15.b3 a4
16.f5 axb3 17.cxb3 Qb7 18.Rhg1 c5 19.Nc2 c4 20.b4 Ba4 21.Nxa4 Rxa4 22.a3 Qxe4
23.Qxd6 Rba8 24.Qd5 Qf4+ 25.Kb2 c3+ 26.Kb3 Qf2 27.Ra1 Qd2 28.Qc4 g5 29.Qxc3 Qd5+
30.Kb2 Rd8 31.Rad1 Qxd1 32.Rxd1 Rxd1 33.Qc8+ Bf8 34.b5 Rd6 35.Nb4 Ra7 36.Nc6 Rad7
37.b6 Rd2+ 38.Kc3 R7d3+ 39.Kc4 Rf3 40.Nb4 Rf4+ 41.Kb5 Re4 42.b7  1-0

[Event "41st TCh-GRE"]
[Site "Rio (Achaia) GRE"]
[Date "2013.07.03"]
[Round "3.3"]
[White "Roinos,Ilias"]
[Black "Vragoteris,A"]
[Result "0-1"]
[WhiteElo "1915"]
[BlackElo "2259"]

1.e4 c5 2.Nf3 d6 3.d4 cxd4 4.Nxd4 Nf6 5.Nc3 Nc6 6.Bg5 Qb6 7.Nb3 e6 8.g3 Be7
9.Bg2 O-O 10.O-O Ne5 11.h3 Bd7 12.Qe2 Rac8 13.Rad1 Rxc3 14.bxc3 Bb5 15.Qe3 Qxe3
16.Bxe3 Bxf1 17.Kxf1 Rc8 18.Bd4 Nc4 19.f4 e5 20.Bf2 a5 21.a4 h5 22.f5 Kf8
23.Ke1 b6 24.Nd2 Nb2 25.Ra1 Bd8 26.Ra2 Nc4 27.Ke2 d5 28.exd5 Nd6 29.Kd3 Nxf5
30.Rb2 Nd7 31.Ne4 Ke7 32.c4 Nd6 33.Nxd6 Kxd6 34.g4 hxg4 35.hxg4 e4+ 36.Kc3 Ne5
37.Bf1 Nxg4 38.Bxb6 Bf6+ 39.Bd4 Ne3 40.Rb6+ Ke7 41.d6+ Kd8 42.Bxf6+ gxf6
43.c5 Nxf1 44.c6 Ne3 45.Kd4 Nxc2+ 46.Kxe4 Nb4 47.c7+ Kd7 48.Kd4 f5 49.Rb5 Kxd6  0-1

[Event "VIII Wroclaw Open A 2013"]
[Site "Wroclaw POL"]
[Date "2013.07.03"]
[Round "3.5"]
[White "Grela,K"]
[Black "Goluch,P"]
[Result "1-0"]
[WhiteElo "2003"]
[BlackElo "2233"]

1.e4 c5 2.Nf3 Nc6 3.d4 cxd4 4.Nxd4 Nf6 5.Nc3 d6 6.Bg5 Bd7 7.Bc4 Qa5 8.Bxf6 gxf6
9.Qd2 Qc5 10.Nxc6 Bxc6 11.Bb3 e6 12.O-O-O O-O-O 13.Kb1 Rg8 14.g3 f5 15.Rhe1 Bg7
16.exf5 Qxf5 17.f4 Kb8 18.Qe3 h5 19.Ne2 h4 20.Nd4 Bxd4 21.Rxd4 hxg3 22.hxg3 Qh3
23.Rd3 Rh8 24.Red1 Qg2 25.Rxd6 Rdg8 26.Qe5 Ka8 27.Qxh8  1-0

[Event "41st TCh-GRE"]
[Site "Rio (Achaia) GRE"]
[Date "2013.07.04"]
[Round "3.5"]
[White "Skaraki,A"]
[Black "Ohme,M"]
[Result "0-1"]
[WhiteElo "1923"]
[BlackElo "2303"]

1.e4 c5 2.Nf3 d6 3.d4 cxd4 4.Nxd4 Nf6 5.Nc3 Nc6 6.Bg5 Qb6 7.Nb3 e6 8.Qd2 Be7
9.O-O-O O-O 10.f3 a6 11.h4 Rd8 12.h5 Qc7 13.h6 g6 14.Qf4 Ne8 15.Qh4 b5 16.Bxe7 Nxe7
17.e5 dxe5 18.Rxd8 Qxd8 19.Qe4 Nd5 20.Qxe5 Nxc3 21.Qxc3 Bb7 22.Bd3 Rc8 23.Qd2 Qb6
24.Re1 Bd5 25.Kb1 b4 26.Be4 Bc4 27.Qd7 Rd8 28.Qa4 Nd6 29.Na5 Nxe4 30.fxe4 Qd4
31.Nb3 Bxb3 32.axb3 Qd2 33.Rc1 Rb8 34.Qxa6 Qxh6 35.Rf1 Qe3 36.Qc6 Qa7 37.Qa4 Qb7
38.Rd1 Qxe4 39.Qa7 Rc8 40.Qf2 Qc6 41.Rd4 Qb6 42.Qf6 Qc5 43.Qf2 Kg7 44.Qh4 Qxc2+  0-1

[Event "41st TCh-GRE"]
[Site "Rio (Achaia) GRE"]
[Date "2013.07.05"]
[Round "5.2"]
[White "Nemeth,Mi1"]
[Black "Kapnisis,S"]
[Result "1/2-1/2"]
[WhiteElo "2467"]
[BlackElo "2449"]

1.e4 c5 2.Nf3 Nc6 3.d4 cxd4 4.Nxd4 Nf6 5.Nc3 d6 6.Bg5 g6 7.Nb3 Bg7 8.Be2 O-O
9.O-O a6 10.Re1 b5 11.Bf1 Bb7 12.Qd2 Rc8 13.a4 b4 14.Nd5 a5 15.Nxf6+ exf6
16.Bh6 Bxh6 17.Qxh6 Ne5 18.Nd4 Re8 19.Rad1 Qb6 20.Bb5 Red8 21.Qe3 d5 22.exd5 Rxd5
23.c3 bxc3 24.bxc3 Qc5 25.Rc1 Qc7 26.h3 Rc5 27.Nb3 Rd5 28.Nd4 Qd6 29.Bf1 Qd7
30.Bb5 Qd6 31.Bf1 Rd8 32.Rb1 Qc7 33.Rb5 Ba8 34.f4 Nc4 35.Qe7 Qxe7 36.Rxe7 Nd6
37.Rxd5  1/2-1/2

[Event "Styrian Open A 2013"]
[Site "Bad Gleichenberg AUT"]
[Date "2013.07.06"]
[Round "1.20"]
[White "Bahl,Felix"]
[Black "Danner,G"]
[Result "0-1"]
[WhiteElo "2005"]
[BlackElo "2315"]

1.e4 c5 2.Nf3 Nc6 3.d4 cxd4 4.Nxd4 Nf6 5.Nc3 d6 6.Bg5 Bd7 7.Qd2 Rc8 8.O-O-O Nxd4
9.Qxd4 Qa5 10.f4 Rxc3 11.Bxf6 Rc7 12.Bxg7 e5 13.Bxe5 dxe5 14.fxe5 Qxa2 15.Rd3 Bh6+
16.Kd1 Qa4  0-1

[Event "IsBank TCh-TUR 2013"]
[Site "Denizli TUR"]
[Date "2013.07.06"]
[Round "9.5"]
[White "Atakisi,U"]
[Black "Tsatsalashvili,K"]
[Result "1-0"]
[WhiteElo "2351"]
[BlackElo "2279"]

1.e4 c5 2.Nf3 d6 3.d4 cxd4 4.Nxd4 Nf6 5.Nc3 Nc6 6.Bg5 e6 7.Qd2 a6 8.O-O-O Nxd4
9.Qxd4 Be7 10.f4 b5 11.Be2 Bb7 12.f5 e5 13.Qd3 b4 14.Bxf6 bxc3 15.Bxg7 Bg5+
16.Kb1 Rg8 17.f6 Qb6 18.Qxc3 Be3 19.Bg4 Bd4 20.Rxd4 exd4 21.Qc4 Qc5 22.Qxc5 dxc5
23.Bf5 Kd8 24.Bxh7 Re8 25.h4 Bxe4 26.Bxe4 Rxe4 27.h5 Kd7 28.h6 Rae8 29.Kc1 Re1+
30.Rxe1 Rxe1+ 31.Kd2 Rh1 32.Kd3 Ke6 33.Kc4 Kf5 34.Kxc5 d3 35.cxd3 Kg6 36.a4 Rc1+
37.Kb4 Rc2 38.b3 Rxg2 39.Ka5 Rc2 40.b4 Rc6 41.b5 axb5 42.axb5 Rd6 43.b6 Rxd3
44.Bf8 Rd5+ 45.Ka6 Rd1 46.b7  1-0

[Event "Klatov Open A 2013"]
[Site "Klatovy CZE"]
[Date "2013.07.06"]
[Round "8.1"]
[White "Svoboda,V2"]
[Black "Hausner,I"]
[Result "1-0"]
[WhiteElo "2412"]
[BlackElo "2387"]

1.e4 c5 2.Nf3 d6 3.d4 cxd4 4.Nxd4 Nf6 5.Nc3 Nc6 6.Bg5 e6 7.Qd2 a6 8.O-O-O Bd7
9.f3 Be7 10.g4 h5 11.gxh5 Rxh5 12.h4 Qc7 13.Kb1 O-O-O 14.f4 Kb8 15.Nf3 Bc8
16.Qe1 Rhh8 17.Bd3 d5 18.e5 d4 19.Ne2 Nd5 20.Bxe7 Qxe7 21.Be4 Ne3 22.Rd3 Qc5
23.Qc1 Nf5 24.Rhd1 Nb4 25.Bxf5 exf5 26.Rxd4 Rxd4 27.Nexd4 Nc6 28.Qe3 Be6
29.b3 Ne7 30.Nxf5 Qxe3 31.Nxe3 Nf5 32.Nxf5 Bxf5 33.Rg1 g6 34.Kc1 b5 35.c3 Kc7
36.Kd2 Be4 37.Ng5 Bf5 38.Ke3 Rxh4 39.Rd1 Rh2 40.Rd2 Rh1 41.Rd6 Rc1 42.Rxa6 Rxc3+
43.Kd4 b4 44.Nxf7 Rf3 45.Kc5 Rxf4 46.Ra7+ Kb8 47.Ra4 Kc7 48.Rxb4 Rf2 49.a4 Rf3
50.Nd6 Be6 51.Rb7+ Kd8 52.b4 Re3 53.Kd4 Re1 54.a5 Rd1+ 55.Kc5 Rd5+ 56.Kb6 Rxe5
57.a6 Rd5 58.Kc6 Rd1 59.a7 Rc1+ 60.Kb6 Ra1 61.Rb8+ Kd7 62.Nb7  1-0

[Event "6th ch-Cent SRB Int 2013"]
[Site "Paracin SRB"]
[Date "2013.07.06"]
[Round "3.15"]
[White "Tomic,Bos"]
[Black "Ratkovic,Milov"]
[Result "1-0"]
[WhiteElo "2425"]
[BlackElo "2315"]

1.e4 c5 2.Nf3 d6 3.d4 cxd4 4.Nxd4 Nf6 5.Nc3 Nc6 6.Bg5 e6 7.Qd2 a6 8.O-O-O Bd7
9.Be2 b5 10.Rhe1 Be7 11.Bxf6 gxf6 12.Bh5 Ne5 13.f4 Nc4 14.Qd3 Qa5 15.f5 O-O-O
16.Bxf7 Ne5 17.Qh3 b4 18.fxe6 bxc3 19.exd7+ Kb8 20.Re3 cxb2+ 21.Kb1  1-0